Регионална библиотека "Любен Каравелов" - Русе

Речи (Запис номер 436362)

MARC детайли
000 -Лидер
Контролно поле с фиксирана дължина nam a22 a 4500
003 - Код на организацията, давaща контролен номер
Контролно поле BLK
005 - Дата и час на последна редакция
Контролно поле 20211110133833.0
008 - Елементи от данни с фиксирана дължина
fixed length control field 211110b bul|||||r ||||||| ||bul||
040 ## - Източник на каталожния запис
Идентификатор на билиотеката - собственик на записа BLK
041 ## - Код за език
Код за езика на текст/звукозапис или на отделно заглавие Български
Код за езика КДБФ Български
080 ## - УДК
Текстов определител УДК Комунистически партии. Вж и 327.323
УДК код - определител по УДК 329.15
УДК определител (103)(438)
УДК - код + определител 329.15(103)(438)
080 ## - УДК
Текстов определител УДК География на Полша
УДК код - определител по УДК 913(438)
УДК - код + определител 913(438)
100 ## - Редна дума - Автор
Автор Ярузелски, Войчех
Авторска отговорност първи автор
R(LIN) 1299
139 ## - Редно поле
Редна дума Ярузелски, Войчех
245 10 - Сведения за заглавието
Заглавие Речи
Подзаглавни данни Произнесени на пленуми на ЦК на ПОРП и заседания на Сейма на ПНР, пред разл. конгр., нац. конф. и съвещания, при срещи с трудещите се : [Сборник]
Редно поле (дума) Войчех Ярузелски; прев. от пол. Магдалена Атанасова и др.
260 ## - Област на издателските данни
Място на издаване, разпространение и проч. София
Име на издателя, разпространителя и проч. Партиздат
Година на издаване 1985
9 (RLIN) 211414
300 ## - Физическа характеристика
Страници 584 с.
Илюстрации и др. 1л. цв. ил., портр.
Размери/Мащаб 21 см
380 ## - Жанр
Жанр Обществени науки
490 ## - СЕРИИ (Колекции)
Име на серия Политически дейци на нашето време
9 (RLIN) 205821
500 ## - Общи забележки
Забележка Кн. е съставена по Przemowienia 1981-1983 / Wojciech Jaruzlski и материали от 1984-1985. - Други прев. : В. Иванов, М. Чорбанов.
650 #0 - Допълнително описание по предмет – тема
9 (RLIN) 287581
Основно описание – тема или топоним Партии, политически
653 #7 - Ключова дума – ненормативна
Ключова дума политически партии
9 (RLIN) 194084
700 ## - Други автори (авторска отговорност)
Лично име Атанасова, Магдалена
Автороска отговорност (Описва отношението между автора и произведението) прев. от пол.
9 (RLIN) 281736
700 1# - Други автори (авторска отговорност)
Лично име Иванов, Васил
9 (RLIN) 411691
700 ## - Други автори (авторска отговорност)
Лично име Чорбанов, Мирослав
9 (RLIN) 331779
Автороска отговорност (Описва отношението между автора и произведението) прев. от пол.
852 ## - Местоположение
Форматна сигнатура Цб 136328
Фондова буква Хранилище
856 4# - Електронен адрес и достъп
Електронен формат pdf - файл
Път до файла /url/
856 4# - Електронен адрес и достъп
Електронен формат pdf - файл
Път до файла /url/
999 ## - СИСТЕМНИ КОНТРОЛНИ НОМЕРА
Koha biblionumber 436362
Koha biblioitemnumber 436362
942 ## - АРТИКУЛИ
Вид на библиотечния материал Книги
Скрит в OPAC Не
Периодичен библиозапис Да
944 ## - СЪЗДАВАНЕ И РЕДАКЦИЯ на ЗАПИСА
Създаване/Редакция Създаване
Дата на регистрацията/редакция 2021-11-10
Служител, извършил регистрацията/редакцията ДГ
Наличности
Код за отписване Код за изгубен артикул Източник на класификационната схема Код за повреда Коз за рестрикции Код за отдаване Артикулен № Име на библиотеката - собственик Име на библиотеката, в която се намира в момента Статус (Текущо местоположение) Дата на вписване в системата Местоположение - отдел Цена в лева Инвентарен номер Систематично азбучна сигнатура Баркод Цена в евро Служебен тип на артикула
  Не е изгубен Universal Decimal Classification Не е повреден само за читалня ползва се в читалня 861371 Регионална библиотека "Любен Каравелов" Русе Регионална библиотека "Любен Каравелов" Русе Хранилище 2021-11-12 Хранилище 1.80 433341 Цб 136328 120000433341 0.92 Книги
Vip Innovations Ltd, Rousse, Bulgaria 2025